[Event "Novgorod op"]
[Site "Novgorod"]
[Date "1999.03.19"]
[Round "10"]
[White "Goloshchapov, Alexander"]
[Black "Poluljahov, Aleksandr"]
[Result "1-0"]
[WhiteElo "2446"]
[BlackElo "2566"]

1.e4 c5 2.Nf3 e6 3.d4 cxd4 4.Nxd4 Nc6 5.Nc3 Qc7 6.Be3 a6 7.Bd3 b5 8.Nxc6 Qxc6
9.O-O Bb7 10.Re1 Nf6 11.Bd4 Be7 12.Qf3 b4 13.Nd1 d6 14.b3 O-O 15.Qh3 Rfe8
16.e5 dxe5 17.Bxe5 h6 18.Ne3 Nd7 19.Ng4 Nxe5 20.Nxe5 Qb6 21.Re3 Bg5 22.Rg3 Qd4
23.Re1 Qh4 24.Qxh4 Bxh4 25.Rg4 Be7 26.Be4 Bxe4 27.Rgxe4 Rec8 28.Rc4 Rxc4
29.Nxc4 a5 30.Kf1 Bf6 31.Re4 a4 32.Ne3 axb3 33.axb3 Bc3 34.Nd1 Ra1 35.Ke2 Rc1
36.Nxc3 Rxc2+ 37.Kd1 Rxc3 38.Rxb4 g6 39.Kd2 Rc7 40.Rc4 Ra7 41.b4 Kf8 42.b5 Ke7
43.Kc3 Kd6 44.Kb3 Ra1 45.Rc2 f5 46.Kb4 g5 47.b6 e5 48.Kb5 Rb1+ 49.Ka6 Ra1+
50.Kb5 Rb1+ 51.Ka6 Ra1+ 52.Kb7 e4 53.Rd2+ Ke5 54.Rb2 f4 55.Kc6 Ra6 56.Rb4 e3
57.f3 Kf5 58.Kc7 e2 59.Rb1 Ra2 60.b7 Rc2+ 61.Kb6 e1=Q 62.Rxe1 Rb2+ 63.Kc7 Rc2+
64.Kd8 Rd2+ 65.Ke8  1-0

[Event "Bundesliga 9899"]
[Site "Germany"]
[Date "1999.03.20"]
[Round "12.1"]
[White "Onischuk, Alexander"]
[Black "Epishin, Vladimir"]
[Result "1/2-1/2"]
[WhiteElo "2646"]
[BlackElo "2578"]

1.e4 c5 2.Nf3 e6 3.d4 cxd4 4.Nxd4 Nc6 5.Nc3 Qc7 6.Be2 a6 7.O-O Nf6 8.Be3 Bb4
9.Na4 Be7 10.Nxc6 bxc6 11.Nb6 Rb8 12.Nxc8 Qxc8 13.Bd4 Qc7 14.e5 Nd5 15.b3 c5
16.Bb2 Rb6 17.Bc4 Nb4 18.Qe2 a5 19.Rad1 O-O 20.Rd2 Nc6 21.Rfd1 Rd8 22.Bc3 g6
23.Bb5 Nd4 24.Bxd4 cxd4 25.Rxd4 d6 26.a4 Rbb8 27.exd6 Rxd6 28.Rxd6 Bxd6 29.g3 Rd8
30.Qc4 Qe7 31.c3 Bc7 32.Rxd8+ Qxd8 33.b4 Bb6 34.Qd3 Qf6 35.Qd2 e5 36.Qe2 e4
37.bxa5 Bxa5 38.Qxe4 Qxc3 39.Bc4 Qe1+ 40.Qxe1 Bxe1 41.Kf1 Ba5 42.Ke2 Kf8
43.Kd3 Ke7 44.Bb3 Bb6 45.f3 h5 46.Kc4 Bg1 47.h3 Bf2 48.g4  1/2-1/2

[Event "Bundesliga 9899"]
[Site "Germany"]
[Date "1999.03.20"]
[Round "12.6"]
[White "Polzin, Rainer"]
[Black "Heissler, Jakob"]
[Result "1/2-1/2"]
[WhiteElo "2443"]
[BlackElo "2450"]

1.e4 c5 2.Nc3 e6 3.Nf3 Nc6 4.d4 cxd4 5.Nxd4 Qc7 6.Be2 a6 7.O-O Nf6 8.Be3 Bb4
9.Na4 Be7 10.Nxc6 bxc6 11.Nb6 Rb8 12.Nxc8 Qxc8 13.Bd4 O-O 14.e5 Nd5 15.c4 c5
16.cxd5 cxd4 17.d6 Bg5 18.f4 Bd8 19.Rc1 Qb7 20.b3 f6 21.Bd3 fxe5 22.fxe5 Bg5
23.Qh5 Bh6 24.Rxf8+ Rxf8 25.Rf1 Be3+ 26.Kh1 Rxf1+ 27.Bxf1 g6 28.Qf3 Qc8 29.Bc4 a5
30.g3 Qc5 31.Qb7 Qxe5 32.Qc8+ Kg7 33.Qxd7+ Kh6 34.Qxe6 Qxe6 35.Bxe6 d3 36.d7 Bb6
37.h4 Kg7 38.Kg2 d2 39.Bg4 Kf6 40.h5 Ke7 41.hxg6 hxg6 42.Kf1 d1=Q+ 43.Bxd1 Kxd7
44.Bc2 g5 45.g4  1/2-1/2

[Event "MI Festival GM"]
[Site "Bucharest"]
[Date "1999.03.21"]
[Round "2"]
[White "Cioara, Andrei Nestor"]
[Black "Brajovic, Radovan"]
[Result "0-1"]
[WhiteElo "2398"]
[BlackElo "2364"]

1.e4 c5 2.Nf3 e6 3.d4 cxd4 4.Nxd4 Nc6 5.Nc3 Qc7 6.Be2 a6 7.O-O Nf6 8.Kh1 Nxd4
9.Qxd4 Bc5 10.Qd3 b5 11.f4 Bb7 12.Bf3 h5 13.Be3 Bxe3 14.Qxe3 b4 15.Na4 Rc8
16.Rf2 Bc6 17.Nc5 Qb6 18.Re1 d6 19.Nb3 Qxe3 20.Rxe3 e5 21.g3 Ke7 22.Nc1 a5
23.Rd2 g6 24.Kg1 Rhd8 25.Kf1 Nd7 26.a3 Nc5 27.axb4 axb4 28.Na2 Rb8 29.Kf2 b3
30.Nc3 bxc2 31.Rxc2 Rb4 32.fxe5 Rdb8 33.exd6+ Kd7 34.e5 Rxb2 35.Bxc6+ Kxc6
36.Rce2 Rxe2+ 37.Rxe2 Re8 38.Re3 Nd7 39.Ne2 Rxe5 40.Rxe5 Nxe5 41.Nf4 Kxd6
42.h3 Nc4 43.Kf3 Ke5 44.Nd3+ Kf5 45.Nc5 Ne5+ 46.Kf2 g5 47.Kg2 Ng6 48.Nb7 Ke5
49.Nd8 f6 50.Nf7+ Ke6 51.Nd8+ Kd5 52.Nb7 Ne5 53.Na5 f5 54.Nb3 Ng6 55.Nd2 Ne5
56.Kf2 Kd4 57.Ke2 Kc3 58.Nf1 Nd3 59.Ke3 Ne5 60.Nh2 Kc4 61.Nf1 Kd5 62.Nh2 Nc4+
63.Kd3 f4 64.gxf4 gxf4 65.Ke2 Ke4 66.Nf3 Ne5 67.Nd2+ Kf5 68.Kf2 Nf7 69.Kg2 Ng5
70.Nc4 Ke4 71.Nd6+ Ke3 72.Nf5+ Ke4 73.Nd6+ Ke5 74.Nc4+ Kd5 75.Nd2  0-1

[Event "BL2-S9899"]
[Site "Germany"]
[Date "1999.03.21"]
[Round "8.3"]
[White "Duppel, Matthias"]
[Black "Teske, Henrik"]
[Result "0-1"]
[WhiteElo "2314"]
[BlackElo "2500"]

1.e4 c5 2.Nf3 e6 3.d4 cxd4 4.Nxd4 Nc6 5.Nc3 Qc7 6.Be3 a6 7.Qd2 Nf6 8.f3 b5
9.O-O-O Bb7 10.g4 h6 11.Nb3 Ne5 12.Be2 Bb4 13.a3 Bxc3 14.Qxc3 Qxc3 15.bxc3 d5
16.Na5 O-O-O 17.Bd4 Ng6 18.Nxb7 Kxb7 19.Bxf6 gxf6 20.exd5 Rxd5 21.c4 Re5
22.Bd3 Nf4 23.cxb5 axb5 24.Rd2 h5 25.Be4+ Kc8 26.gxh5 f5 27.Bd3 Rxh5 28.Rg1 Nxd3+
29.Rxd3 Rxh2 30.Rg7 Rc5 31.Rd2 Rxd2 32.Kxd2 Rc7 33.Rg8+ Kd7 34.Rb8 Kc6 35.Kc3 Kc5
36.Re8 Kd5+ 37.Kb3 f4 38.Rd8+ Kc5 39.c3  0-1

[Event "Novgorod op"]
[Site "Novgorod"]
[Date "1999.03.22"]
[Round "4"]
[White "Kondenko, Alexey"]
[Black "Yemelin, Vasily"]
[Result "0-1"]
[WhiteElo "2254"]
[BlackElo "2550"]

1.e4 c5 2.Nf3 e6 3.Nc3 Nc6 4.d4 cxd4 5.Nxd4 Qc7 6.Be2 Nf6 7.O-O Be7 8.Ndb5 Qb8
9.Be3 O-O 10.f4 d6 11.Qe1 Bd7 12.Qg3 a6 13.Nd4 b5 14.e5 dxe5 15.fxe5 Nxe5
16.Bf4 Bd6 17.Rad1 b4 18.Ndb5 axb5 19.Rxd6 Ng6 20.Nd1 Nxf4 21.Qxf4 e5 22.Qxb4 Ra4  0-1

[Event "Novgorod op"]
[Site "Novgorod"]
[Date "1999.03.23"]
[Round "5"]
[White "Kotsur, Pavel"]
[Black "Kobalija, Mihail"]
[Result "1/2-1/2"]
[WhiteElo "2511"]
[BlackElo "2537"]

1.e4 c5 2.Nf3 e6 3.d4 cxd4 4.Nxd4 Nc6 5.Nc3 Qc7 6.Be2 a6 7.O-O Nf6 8.a3 Be7
9.Be3 O-O 10.f4 d6 11.Qe1 Nxd4 12.Bxd4 b5 13.Qg3 Bb7 14.Kh1 Bc6 15.Rae1 Rae8
16.Bd3 e5 17.fxe5 Nh5 18.Qh3 dxe5 19.Be3 Nf4 20.Bxf4 exf4 21.e5 g6 22.Qg4 Bc5
23.Qxf4 f5 24.a4 Qb7 25.Re2 Re6 26.axb5 axb5 27.h3 Rfe8 28.Na2 Bd6 29.Rfe1 Rxe5
30.Rxe5 Rxe5 31.Rxe5 Qc7 32.Bxb5 Bxb5 33.Qd4 Bxe5 34.Qd5+ Kg7 35.Qxb5 Qd6
36.Nc3 Qd4 37.Qb7+ Kh6 38.Qf3 Qd2 39.g3 Qc1+ 40.Nd1 Qxc2  1/2-1/2

[Event "Bled op"]
[Site "Bled"]
[Date "1999.03.24"]
[Round "5"]
[White "Licina, Anita"]
[Black "Susnik, Matej"]
[Result "1-0"]
[WhiteElo "2173"]
[BlackElo "2222"]

1.e4 c5 2.Nf3 e6 3.d4 cxd4 4.Nxd4 Nc6 5.Nc3 Qc7 6.f4 d6 7.Be3 Nf6 8.Qf3 a6
9.O-O-O Be7 10.g4 Nxd4 11.Bxd4 e5 12.fxe5 dxe5 13.Qg3 Bd6 14.Be3 Be6 15.g5 Nh5
16.Qf3 Nf4 17.Bb5+ Ke7 18.Ba4 Rhc8 19.Bb3 b5 20.Bxf4 exf4 21.e5 Bc5 22.Qxf4 Bxb3
23.axb3 Kf8 24.Rhf1 Rd8 25.b4 Rxd1+ 26.Rxd1 Ba7 27.Nd5 Qc4 28.Qf5 Qa2 29.e6 Be3+
30.Nxe3 Qxe6 31.Qxe6 fxe6 32.Rd7 a5 33.Rb7 axb4 34.Rxb5 Ra1+ 35.Kd2 Rh1 36.Ng4 h5
37.gxh6 gxh6 38.Rh5 Kg7 39.Rxh6 Rg1 40.h3 e5 41.Re6 Rg2+ 42.Kd3 b3 43.cxb3 Rxb2
44.Kc3 Rh2 45.Nxh2  1-0

[Event "MI Festival"]
[Site "Bucharest"]
[Date "1999.03.24"]
[Round "5"]
[White "Florescu, Codrut"]
[Black "Istrate, Bogdan"]
[Result "1/2-1/2"]
[WhiteElo "2312"]
[BlackElo "2333"]

1.e4 c5 2.Nf3 e6 3.Nc3 Nc6 4.d4 cxd4 5.Nxd4 Qc7 6.Be2 a6 7.Be3 Nf6 8.O-O Bb4
9.Na4 O-O 10.c4 Bd6 11.Nxc6 dxc6 12.Qc2 Bxh2+ 13.Kh1 Bf4 14.Bc5 Bd6 15.Bb6 Qe7
16.f4 e5 17.c5 Bc7 18.f5 Rb8 19.Rad1 Bxb6 20.Nxb6 Nd7 21.Nxd7 Bxd7 22.Rd6 Qh4+
23.Kg1 Rbd8 24.Bf3 Bc8 25.Rfd1 Rxd6 26.cxd6 Rd8 27.Qc5 Qf6 28.Qb6 Rd7 29.b4 h6
30.a4 Kh7 31.Qc5 Rd8 32.a5 Kg8  1/2-1/2

[Event "Bled op"]
[Site "Bled"]
[Date "1999.03.25"]
[Round "6"]
[White "Savanovic, Aleksandar"]
[Black "Drei, Andrea"]
[Result "0-1"]
[WhiteElo "2435"]
[BlackElo "2349"]

1.e4 c5 2.Nf3 e6 3.d4 cxd4 4.Nxd4 Nc6 5.Nc3 Qc7 6.Be2 a6 7.O-O Nf6 8.Kh1 Be7
9.f4 d6 10.Be3 O-O 11.a4 Bd7 12.Nb3 b6 13.Bf3 Rab8 14.Qd2 Bc8 15.g4 Na5 16.Qf2 g5
17.fxg5 Nd7 18.Bg2 Ne5 19.Qg3 Nac4 20.Bc1 b5 21.axb5 axb5 22.Nd4 b4 23.Nce2 Bb7
24.b3 Na5 25.Nf4 Ra8 26.Nh5 Qc3 27.Qxc3 bxc3 28.h3 Nec6 29.Nxc6 Nxc6 30.Be3 Nb4
31.Rac1 Ra2 32.Rf2 Rfa8 33.Nf6+ Bxf6 34.gxf6 e5 35.Bb6 R8a6 36.Bc7 Nd3 37.Rcf1 Nxf2+
38.Rxf2 Ra1+ 39.Kh2 Rd1 40.Rf3 Bxe4 41.Rxc3 Rd2  0-1

[Event "MI Festival GM"]
[Site "Bucharest"]
[Date "1999.03.25"]
[Round "6"]
[White "Moraru, Marius"]
[Black "Brajovic, Radovan"]
[Result "0-1"]
[WhiteElo "2408"]
[BlackElo "2364"]

1.e4 c5 2.Nf3 e6 3.d4 cxd4 4.Nxd4 Nc6 5.Nc3 Qc7 6.Be2 a6 7.Be3 Nf6 8.O-O Bb4
9.Na4 Be7 10.c4 Nxe4 11.Nxc6 bxc6 12.Qd4 Nf6 13.Bf4 d6 14.Bf3 O-O 15.Qb6 Qxb6
16.Nxb6 Rb8 17.c5 e5 18.Bg3 Be6 19.Bxc6 dxc5 20.Na4 Bd7 21.Bxd7 Nxd7 22.Rad1 Rb7
23.Rfe1 f6 24.f4 Rc8 25.Rxd7 Rxd7 26.Nb6 Rcd8 27.Nxd7 Rxd7 28.fxe5 Rd2 29.Rb1 Kf7
30.a3 Ke6 31.Re1 Kd5 32.b3 Rd3 33.exf6 Bxf6 34.Rb1 a5 35.Kf1 a4 36.bxa4 Rxa3
37.Rd1+ Bd4 38.Rd2 Rxa4 39.Ke2 Ke4 40.Rc2 c4 41.Bd6 c3 42.Bf8 g6  0-1

[Event "Novgorod op"]
[Site "Novgorod"]
[Date "1999.03.25"]
[Round "7"]
[White "Volzhin, Alexander"]
[Black "Kobalija, Mihail"]
[Result "1/2-1/2"]
[WhiteElo "2548"]
[BlackElo "2537"]

1.e4 c5 2.Nf3 e6 3.d4 cxd4 4.Nxd4 Nc6 5.Nc3 Qc7 6.g3 a6 7.Bg2 Nf6 8.O-O Bc5
9.Nxc6 dxc6 10.Na4 Be7 11.e5 Nd7 12.Re1 O-O 13.Bf4 Rd8 14.Qh5 Qa5 15.Nc3 Nf6
16.Qe2  1/2-1/2

[Event "Swidnica"]
[Site "Swidnica"]
[Date "1999.03.25"]
[Round "2"]
[White "Zezulkin, Jurij"]
[Black "Gritsak, Orest"]
[Result "1/2-1/2"]
[WhiteElo "2473"]
[BlackElo "2521"]

1.e4 c5 2.Nf3 Nc6 3.Nc3 e6 4.d4 cxd4 5.Nxd4 Qc7 6.Be3 a6 7.Bd3 b5 8.O-O Bb7
9.Kh1 Nf6 10.Qe2 h5 11.Nxc6 Bxc6 12.Bd4 h4 13.Bxf6 gxf6 14.Nd5 Bxd5 15.exd5 Bd6
16.dxe6 dxe6 17.h3 Ke7 18.a4 bxa4 19.Rxa4 a5 20.Re4 f5 21.Rc4 Qb7 22.Bxf5 Qxb2
23.f4 Rac8 24.Bd3  1/2-1/2

[Event "Bled op"]
[Site "Bled"]
[Date "1999.03.26"]
[Round "7"]
[White "Podlesnik, Bogdan"]
[Black "Illijin, Neboisa"]
[Result "1-0"]
[WhiteElo "2409"]
[BlackElo "2252"]

1.e4 c5 2.Nf3 e6 3.d4 cxd4 4.Nxd4 Nc6 5.Nc3 Qc7 6.f4 a6 7.Be2 Bc5 8.Nxc6 dxc6
9.e5 f5 10.Qd3 Ne7 11.Be3 Bxe3 12.Qxe3 Nd5 13.Qd4 O-O 14.O-O-O b5 15.Bf3 Bb7
16.g3 c5 17.Nxd5 Bxd5 18.Qe3 Bxf3 19.Qxf3 Rad8 20.h3 a5 21.Rxd8 Rxd8 22.g4 fxg4
23.hxg4 Qd7 24.b3 Qd4 25.Kb1 a4 26.a3 b4 27.bxa4 bxa3 28.Qb3 c4 29.Qxa3 Rb8+
30.Ka2 Qd2 31.Rc1 Ra8 32.f5 Qd5 33.fxe6 Qxe6 34.Qb4 Qxg4 35.Re1 Qe6 36.Ka3 Qh3+
37.c3 Qe6 38.Qd6 Qc8 39.Re4 Kh8 40.Qb4 Rb8 41.Rxc4 Qe8 42.Qc5 h6 43.Qc7 Ra8
44.Qc6 Qf8+ 45.Rc5 Re8 46.Kb3 Rb8+ 47.Rb5 Rc8 48.Qb7 Qf5 49.Qg2 Qd3 50.Qc2 Qc4+
51.Ka3 g5 52.Kb2 Rd8 53.Rb6 Qd3 54.a5 Qxc2+ 55.Kxc2 Kg7 56.a6 Ra8 57.Kd3 h5
58.Ke4 h4 59.Kf3 Rc8 60.Kg4 Rxc3 61.Kxg5 Kf7 62.Rh6 Kg7 63.Rxh4 Ra3 64.Rh6 Ra1
65.Rb6 Kf7 66.Kf5 Rf1+ 67.Ke4 Ke7 68.Kd5 Kd7 69.Rb7+ Kc8 70.Rh7 Kb8 71.e6 Rd1+
72.Kc6 Rc1+ 73.Kd6 Rd1+ 74.Ke7 Ra1 75.Ke8 Rxa6 76.e7 Ra8 77.Kf8  1-0

[Event "ISR-chT"]
[Site "Israel"]
[Date "1999.03.26"]
[Round "5"]
[White "Sutovskij, Emil"]
[Black "Rechlis, Gad"]
[Result "1/2-1/2"]
[WhiteElo "2612"]
[BlackElo "2514"]

1.e4 c5 2.Nf3 e6 3.Nc3 Nc6 4.d4 cxd4 5.Nxd4 Qc7 6.g3 a6 7.Bg2 d6 8.O-O Bd7
9.Re1 Be7 10.Nxc6 Bxc6 11.a4 Nf6 12.Be3 O-O 13.a5 Nd7 14.Na4 f5 15.Bb6 Qc8
16.f4 e5 17.fxe5 Nxe5 18.Bd4 Bxe4 19.Bxe4 fxe4 20.Bxe5 dxe5 21.Qd5+ Kh8 22.Qxe4 Bc5+
23.Kh1 Qh3 24.Qg2 Qxg2+ 25.Kxg2 Rf2+ 26.Kh3 Rxc2 27.Rxe5 Bd4 28.Re7 Bxb2
29.Rae1 h6 30.Rxb7 Bf6 31.Nb6 Rd8 32.Nd7 Bc3 33.Re7 Ra2 34.Re3 Bd4 35.Rd3 Ba1
36.Rd5 Bc3 37.Ra7 Rxa5 38.Rxa5 Bxa5 39.Ne5 Rd5 40.Ng6+ Kh7 41.Rxa6  1/2-1/2

[Event "IND-ch"]
[Site "Nagpur"]
[Date "1999.03.26"]
[Round "4"]
[White "Ravi, Thandalam Shanmugam"]
[Black "Thipsay, Praveen Mahadeo"]
[Result "1-0"]
[WhiteElo "2336"]
[BlackElo "2467"]

1.e4 c5 2.Nf3 e6 3.d4 cxd4 4.Nxd4 Nc6 5.Nc3 d6 6.Be2 Nf6 7.Be3 Bd7 8.O-O Nxd4
9.Bxd4 Bc6 10.Bd3 Be7 11.Kh1 O-O 12.f4 Nd7 13.Qe2 Qc7 14.Rae1 e5 15.fxe5 dxe5
16.Be3 Bb4 17.Qg4 Kh8 18.Rf3 Bxc3 19.bxc3 Nb6 20.Ref1 f6 21.Qh4 Be8 22.g4 Nd7
23.g5 Bg6 24.Qg4 Qc6 25.Kg1 fxg5 26.Bb5 Qxc3 27.Bxd7 Rxf3 28.Qxf3 h6 29.Be6 g4
30.Bxg4 Qxc2 31.Bf5 Bxf5 32.Qxf5 Qb2 33.Rf2 Qb5 34.Kg2 Qc6 35.Rf3 Re8 36.Rh3 Qc2+
37.Bf2 Qc6 38.Rg3 a6 39.Rg6 Qc7  1-0

[Event "Schloss Open A 5th"]
[Site "Werther"]
[Date "1999.03.26"]
[Round "1"]
[White "Meyer, Juergen"]
[Black "Kozakov, Mikhail"]
[Result "0-1"]
[WhiteElo "2112"]
[BlackElo "2420"]

1.e4 c5 2.Nf3 e6 3.d4 cxd4 4.Nxd4 Nc6 5.Nc3 Qc7 6.Be3 a6 7.f4 b5 8.Nxc6 Qxc6
9.Bd3 Bb7 10.O-O Nf6 11.a3 b4 12.axb4 Bxb4 13.Bd4 d6 14.Qe2 Bxc3 15.bxc3 Nxe4
16.Rab1 Nc5 17.Rf3 O-O-O 18.Rb4 Rd7 19.Rf1 a5 20.Bb5 Qxg2+ 21.Qxg2 Bxg2 22.Bxd7+ Kxd7
23.Kxg2 axb4 24.cxb4 Nb7 25.Kf3 Rc8 26.c3 g6 27.Kg4 h6 28.Ra1 f5+ 29.Kf3 g5
30.Ra7 Kc7 31.fxg5 hxg5 32.Bf6 g4+ 33.Ke3 Rf8 34.Be7 Rf7 35.Rxb7+ Kxb7 36.Bxd6 Kc6
37.Bf4 Kd5 38.Kd3 e5 39.c4+ Ke6 40.Bd2 f4  0-1

[Event "BL9899 (Women)"]
[Site "Germany"]
[Date "1999.03.27"]
[Round "10.6"]
[White "Muller, Anne"]
[Black "Schuster, Birgit"]
[Result "1-0"]
[WhiteElo "2110"]
[BlackElo "2084"]

1.e4 c5 2.Nf3 e6 3.d4 cxd4 4.Nxd4 Nc6 5.Nc3 Qc7 6.Be3 a6 7.Bd3 b5 8.O-O Bb7
9.Qe2 Nf6 10.f4 Nxd4 11.Bxd4 Bc5 12.Bxc5 Qxc5+ 13.Kh1 d5 14.e5 Nd7 15.Rae1 O-O-O
16.a4 b4 17.Nb1 Qb6 18.Nd2 Nc5 19.c3 Nxd3 20.Qxd3 a5 21.Qd4 Qxd4 22.cxd4 Ba6
23.Rf2 Kb7 24.Nb3 Kb6 25.Rc1 Rc8 26.Nc5 Bb7 27.Kg1 Rc7 28.Rfc2 Rhc8 29.Kf2 Bc6
30.b3 Be8 31.Re2 Rc6 32.Rce1 R8c7 33.g4 g6 34.Ke3 Bd7 35.h4 Bc8 36.Rh1 Re7
37.h5 Ra7 38.Reh2 Re7 39.Rg1 Ra7 40.Rgh1 Re7 41.hxg6 hxg6 42.Rh8 Rcc7 43.Rf8 Kc6
44.Rhh8 Bb7 45.Rh7 Bc8 46.Kf3 Kb6 47.Kg3 Kc6 48.Kh4 Bb7 49.Rhh8 Kb6 50.Kg5 Bc6
51.Kf6 Ka7 52.Rc8  1-0

[Event "DEN-ch"]
[Site "Aarhus"]
[Date "1999.03.28"]
[Round "2"]
[White "Fries Nielsen, Jens Ove"]
[Black "El Kher, Henrik"]
[Result "1/2-1/2"]
[WhiteElo "2447"]
[BlackElo "2338"]

1.e4 c5 2.Nf3 e6 3.Nc3 Nc6 4.d4 cxd4 5.Nxd4 Nf6 6.Ndb5 d6 7.Bf4 e5 8.Bg5 a6
9.Na3 b5 10.Nd5 Be7 11.Nxe7 Nxe7 12.Bxf6 gxf6 13.c4 Qa5+ 14.Qd2 Qxd2+ 15.Kxd2 b4
16.Nc2 Rb8 17.Bd3 a5 18.Rhf1 Nc6 19.Ne3 Rg8 20.f4 Rg6 21.f5 Rg7 22.Rf3 Nd4
23.Rh3 Bb7  1/2-1/2

[Event "Julian Borowski GM"]
[Site "Essen"]
[Date "1999.03.28"]
[Round "2"]
[White "Lobron, Eric"]
[Black "Milov, Vadim"]
[Result "0-1"]
[WhiteElo "2553"]
[BlackElo "2633"]

1.e4 c5 2.Nf3 e6 3.d4 cxd4 4.Nxd4 Nc6 5.Nc3 Qc7 6.Be3 Nf6 7.Bd3 b6 8.Qe2 Bb7
9.O-O-O Bb4 10.Ndb5 Qb8 11.a3 a6 12.axb4 axb5 13.Bxb5 O-O 14.Bxc6 Bxc6 15.Bg5 b5
16.Bxf6 Qf4+ 17.Qe3 Qxf6 18.f3 Rfc8 19.h4 d5 20.e5 Qe7 21.Qd4 Be8 22.b3 Ra6
23.f4 Rac6 24.Rh3 f6 25.exf6 Qxf6 26.Kb2 Bg6 27.g4 h5 28.Qxf6 gxf6 29.gxh5 Bxh5
30.Rd2 Bg6 31.Rg3 Kh7 32.Nxb5 Rxc2+ 33.Rxc2 Rxc2+ 34.Ka3 e5 35.fxe5 fxe5
36.Rg5 d4 37.h5 Bf7 38.Rxe5 d3 39.Re7 Kg8 40.Rd7 d2 41.h6 Bh5 42.h7+ Kh8
43.Nd6 d1=Q 44.Nf7+ Kxh7 45.Rxd1 Bxd1 46.b5 Rc3  0-1

[Event "IND-ch"]
[Site "Nagpur"]
[Date "1999.03.28"]
[Round "6"]
[White "Ramesh, RB."]
[Black "Thipsay, Praveen Mahadeo"]
[Result "1-0"]
[WhiteElo "2391"]
[BlackElo "2467"]

1.e4 c5 2.Nf3 Nc6 3.d4 cxd4 4.Nxd4 e6 5.Nc3 Qc7 6.Be2 a6 7.O-O Nf6 8.Kh1 d6
9.f4 Be7 10.Be3 O-O 11.a4 Re8 12.Bf3 Bd7 13.Nb3 b6 14.g4 Bc8 15.g5 Nd7 16.Bg2 Bb7
17.Rf3 Bf8 18.Rh3 g6 19.Qe2 Nb4 20.Rd1 Bg7 21.Qf2 Rac8 22.Bd4 e5 23.fxe5 Nxe5
24.Qh4 Nxc2 25.Qxh7+ Kf8 26.Nd5 Bxd5 27.exd5 Qd7 28.Rf1 Nxd4 29.Nxd4 Rc4
30.Rh4 Qc8 31.Rhf4 Rc1 32.Nc6 Rxf1+ 33.Rxf1 Qg4 34.Nxe5 Rxe5 35.Qxg6 Qd7
36.Bh3 Re1 37.Rxe1 Qxh3 38.Qxd6+ Kg8 39.Re8+ Kh7 40.Qf4 Kg6 41.Re3 Qc8 42.Qe4+ Kh5  1-0

[Event "Mar del Plata op 30th"]
[Site "Mar del Plata"]
[Date "1999.03.29"]
[Round "3"]
[White "Rodriguez, Andres URU"]
[Black "Needleman, Alejandro"]
[Result "1-0"]
[WhiteElo "2500"]
[BlackElo "2359"]

1.e4 c5 2.Nf3 e6 3.d4 cxd4 4.Nxd4 Nc6 5.Nc3 Qc7 6.g3 d6 7.Bg2 Bd7 8.O-O Nf6
9.a4 Rc8 10.Be3 b6 11.Ndb5 Qb8 12.g4 h6 13.f4 Be7 14.Qe2 a6 15.Na3 Nb4 16.g5 hxg5
17.fxg5 d5 18.Bf4 Bd6 19.gxf6 Bxf4 20.fxg7 Rg8 21.exd5 Rxg7 22.Kh1 Bxh2 23.Qh5 Be5
24.Rae1 Bd4 25.dxe6 Bxe6 26.Rxe6+ Kd7 27.Rxf7+ Kxe6 28.Qf5+ Kd6 29.Nab5+  1-0

[Event "IND-ch"]
[Site "Nagpur"]
[Date "1999.03.29"]
[Round "7"]
[White "Prasad, Devaki V"]
[Black "Mishra, Neeraj Kumar"]
[Result "1-0"]
[WhiteElo "2435"]
[BlackElo "2363"]

1.e4 c5 2.Nf3 e6 3.d4 cxd4 4.Nxd4 Nc6 5.Nc3 Qc7 6.Be2 a6 7.O-O Nf6 8.Kh1 Bb4
9.Bg5 Bxc3 10.Bxf6 gxf6 11.bxc3 Ne7 12.Qd2 h5 13.f4 b6 14.Rab1 Bb7 15.Bf3 Rc8
16.Ne2 b5 17.Qd4 Rh6 18.f5 Qe5 19.Qb6 Rc7 20.a4 bxa4 21.Nd4 Bc8 22.Qb4 Qc5
23.fxe6 fxe6 24.Qxa4 Kf7 25.Rb3 Ng6 26.Be2 Bb7 27.Bxa6 Bxe4 28.Nb5 Qc6 29.Qxe4 Qxa6
30.Qf3 Ne5 31.Nxc7 Qa7 32.Qf4 Ng4 33.Nb5 Qa2 34.Nd6+ Ke7 35.Rb8 e5 36.Nf5+ Ke6
37.Rb6+  1-0

[Event "IND-ch"]
[Site "Nagpur"]
[Date "1999.03.30"]
[Round "8"]
[White "Saravanan, V."]
[Black "Thipsay, Praveen Mahadeo"]
[Result "1/2-1/2"]
[WhiteElo "2393"]
[BlackElo "2467"]

1.e4 c5 2.Nf3 e6 3.d4 cxd4 4.Nxd4 Nc6 5.Nc3 Qc7 6.Be3 a6 7.Qd2 Nf6 8.f3 b5
9.g4 d6 10.Nxc6 Qxc6 11.O-O-O Be7 12.Ne2 Bb7 13.Nd4  1/2-1/2

[Event "Kraft Chess Cup"]
[Site "Skelleftea"]
[Date "1999.03.30"]
[Round "1.1"]
[White "Ernst, Thomas"]
[Black "Akesson, Ralf"]
[Result "1-0"]
[WhiteElo "2409"]
[BlackElo "2530"]

1.e4 c5 2.Nf3 e6 3.d4 cxd4 4.Nxd4 Nc6 5.Nc3 Qc7 6.Be2 a6 7.Be3 Nf6 8.O-O Bb4
9.Na4 Be7 10.Nxc6 bxc6 11.Nb6 Rb8 12.Nxc8 Qxc8 13.e5 Nd5 14.Bc1 Bc5 15.c4 Ne7
16.b3 Qc7 17.Bb2 O-O 18.Qd3 Ng6 19.Qe4 d5 20.exd6 Bxd6 21.g3 Be5 22.Bxe5 Nxe5
23.Rad1 c5 24.Qe3 Rbd8 25.Rfe1 Ng6 26.Bf3 Qa5 27.Kf1 Rxd1 28.Rxd1 Qxa2 29.Qxc5 Qxb3
30.Kg2 f6 31.Qc6 Ne5 32.Qxe6+ Kh8 33.Be2 Qc2 34.Kf1 a5 35.Qd6 Re8 36.Qd8 Qa4
37.Qc7 h6 38.Rd8 Rxd8 39.Qxd8+ Kh7 40.f4 Qa1+ 41.Kf2 Nf7 42.Qd7  1-0

[Event "DEN-chB"]
[Site "Aarhus"]
[Date "1999.03.31"]
[Round "2"]
[White "Rewitz, Poul"]
[Black "Skytte, Rasmus"]
[Result "1-0"]
[WhiteElo "2350"]
[BlackElo "2277"]

1.e4 c5 2.Nf3 Nc6 3.d4 cxd4 4.Nxd4 e6 5.Nc3 Qc7 6.Be3 a6 7.Qd2 Nf6 8.f3 Ne5
9.O-O-O Bb4 10.Nb3 b5 11.Bd4 h6 12.Qf2 Nc4 13.Qg3 Bd6 14.Qxg7 Rg8 15.Qxf6 Be7
16.Nd5 exd5 17.Qf5 dxe4 18.Qxe4 d5 19.Qh7 Qf4+ 20.Kb1 Rf8 21.Bd3 Be6 22.Qg7 Qc7
23.Qxh6 a5 24.Bxc4 dxc4 25.Nd2 b4 26.Ne4 c3 27.Nf6+ Bxf6 28.Bxf6 a4 29.Rhe1 Qc4
30.Rxe6+ fxe6 31.Qh5+ Rf7 32.Qh8+ Rf8 33.Qg7 Rf7 34.Qg8+ Rf8 35.Qg6+ Rf7
36.Be5 b3 37.Qg8+ Rf8 38.Qg6+ Rf7 39.Bxc3 bxa2+ 40.Ka1 a3 41.Qg8+ Rf8 42.Qg6+ Rf7
43.h4 Rb8 44.h5 Kf8 45.Qh6+ Ke7 46.Qg5+ Ke8 47.Qg8+ Rf8 48.Qg6+ Ke7 49.Qg7+ Rf7
50.Bf6+ Ke8 51.Qg8+ Rf8 52.Qg6+ Rf7 53.b3 Qf4 54.Qg8+  1-0

[Event "Mar del Plata op 30th"]
[Site "Mar del Plata"]
[Date "1999.04.02"]
[Round "7"]
[White "Milos, Gilberto"]
[Black "Needleman, Alejandro"]
[Result "1-0"]
[WhiteElo "2586"]
[BlackElo "2359"]

1.e4 c5 2.Nf3 e6 3.d4 cxd4 4.Nxd4 Nc6 5.Nc3 Qc7 6.Be2 a6 7.O-O Nxd4 8.Qxd4 b5
9.Rd1 b4 10.Na4 Rb8 11.c4 bxc3 12.Nxc3 Nf6 13.Bg5 Bc5 14.Qd2 d6 15.Rac1 Qb7
16.Bf3 Qxb2 17.Rc2 Qa3 18.e5 Nd5 19.Nxd5 exd5 20.exd6 O-O 21.Be7 Bxd6 22.Bxf8 Bxf8
23.Bxd5 Be6 24.Bxe6 fxe6 25.g3 Re8 26.Rc7 Qa4 27.Qe2 Qa5 28.Rdd7 Qf5 29.Qxa6 Qb1+
30.Kg2 Qe4+ 31.f3 Qf5 32.Qd3 Qe5 33.Qe4 Qb2+ 34.Rc2 Qb5 35.Rb7 Qa6 36.Qc6 Qd3
37.Rcb2 Qg6 38.Rb8  1-0

[Event "Mar del Plata op 30th"]
[Site "Mar del Plata"]
[Date "1999.04.02"]
[Round "7"]
[White "Giaccio, Alfredo"]
[Black "Hernandez, Gilberto"]
[Result "0-1"]
[WhiteElo "2505"]
[BlackElo "2558"]

1.e4 c5 2.Nf3 Nc6 3.d4 cxd4 4.Nxd4 e6 5.Nc3 Qc7 6.f4 a6 7.Be3 b5 8.Be2 Bb7
9.Bf3 Rc8 10.Nb3 d6 11.O-O Nf6 12.Qe1 Be7 13.Qf2 O-O 14.a3 Rfe8 15.g4 Bf8
16.g5 Nd7 17.h4 b4 18.axb4 Nxb4 19.h5 d5 20.exd5 Nxd5 21.Bxd5 Bxd5 22.Nxd5 exd5
23.Rfc1 Re4 24.Rxa6 Rce8 25.Re1 Nc5 26.Nxc5 Bxc5  0-1

[Event "Rheinhessen-ch MT1"]
[Site "Woerrstadt"]
[Date "1999.04.02"]
[Round "8"]
[White "Schneider, Johannes"]
[Black "Enzmann, Steffen"]
[Result "0-1"]
[WhiteElo "1940"]
[BlackElo "2124"]

1.e4 c5 2.Nf3 e6 3.d4 cxd4 4.Nxd4 Nc6 5.Nc3 Nf6 6.Ndb5 d6 7.Bg5 a6 8.Nd4 Be7
9.a4 O-O 10.Be2 e5 11.Nb3 Be6 12.Bxf6 Bxf6 13.Nd5 Bg5 14.O-O g6 15.f4 exf4
16.Nxf4 Bxb3 17.cxb3 Qf6 18.Nd5 Qxb2 19.Kh1 Rac8 20.Rb1 Qe5 21.Bd3 Kh8 22.Nb6 Rcd8
23.Qg4 h5 24.Qh3 Qd4 25.Nd5 Ne5 26.Qg3 f6 27.Be2 h4 28.Qh3 Qd2 29.Bd1 Rc8
30.Bg4 f5 31.Bf3 fxe4 32.Bxe4 Rxf1+ 33.Rxf1 Rc1 34.Ne3 Qxe3  0-1

[Event "Baden Casino op"]
[Site "Baden"]
[Date "1999.04.03"]
[Round "3"]
[White "Wildi, Marcel"]
[Black "Drabke, Lorenz"]
[Result "1-0"]
[WhiteElo "2285"]
[BlackElo "2081"]

1.e4 c5 2.Nf3 e6 3.d4 cxd4 4.Nxd4 Nc6 5.Nc3 a6 6.Be3 Qc7 7.g3 Na5 8.Bg2 Nc4
9.Bc1 b5 10.O-O Bb7 11.b3 Nb6 12.Bb2 Nf6 13.Qd3 Bc5 14.Rfe1 d6 15.e5 dxe5
16.Bxb7 exd4 17.Ne4 Qxb7 18.Nxc5 Qc6 19.Bxd4 O-O 20.Bxf6 Qxc5 21.Re5 Qc6
22.Rg5 g6 23.Rd1 Nd5 24.Bb2 f6 25.Rxg6+ Kf7 26.Rh6 Rg8 27.Qf3 Qxc2 28.Rxf6+ Nxf6
29.Qxf6+ Ke8 30.Qxe6+ Kf8 31.Ba3+ Kg7 32.Rd7+  1-0

[Event "Budapest FS04 ELO"]
[Site "Budapest"]
[Date "1999.04.03"]
[Round "1"]
[White "Langer, Wolfgang"]
[Black "Dekany, Lajos"]
[Result "0-1"]
[WhiteElo "2125"]
[BlackElo "2187"]

1.e4 c5 2.Nf3 Nc6 3.Nc3 e6 4.d4 cxd4 5.Nxd4 a6 6.Be3 Nf6 7.a3 Qc7 8.g3 Ne5
9.Bg2 b5 10.Bf4 d6 11.O-O Bb7 12.Re1 Be7 13.Nf3 O-O 14.Nxe5 dxe5 15.Be3 Rad8
16.Qe2 Nd7 17.Rad1 Qc6 18.Na2 f5 19.f4 exf4 20.gxf4 fxe4 21.c3 Nf6 22.Nb4 Qc7
23.Rxd8 Qxd8 24.Rd1 Qc8 25.Bh3 a5 26.Nc2 Nd5 27.Nd4 Rf6 28.Nxe6 Rxe6 29.Bxe6+ Qxe6
30.Rf1 Nxe3 31.Qxe3 Qg4+ 32.Kh1 Bc5 33.h3 Qh5 34.Qg3 e3+ 35.Kh2 Qe2+ 36.Kg1 Bd5
37.Qh2 Qd3  0-1